000 00716nam a2200241Ia 4500
001 dia_3975
003 CHAP
005 20251015152805.0
008 220117s1991 xx 000 0 und d
010 _a174586
040 _cCHAP
_amxchpua
_erda
090 _aFOLLETO 2516
100 _aFlores Santiago, Arturo
_941733
245 _aLa producción de arroz en Tabasco /
_c Arturo Flores Santiago
260 _aChapingo, México :
_b UACh,CIESTAAM,
_c1991
300 _a94 p.
500 _aC/e (Reporte de investigación, 4)
650 _aArroz
_xProducción
_9151344
901 _aFOLLETO 2516
902 _aM
905 _a0000001991 mx 0000000000spa00
942 _cFOLL
_2local
999 _c174586
_d174586